Born In... October (Slideshow) Quiz Stats

 Plays Quiz not verified by Sporcle

Challenge
Share
Tweet
Score 0/31 Timer 08:00
0 Plays Today
% Correct
Simon Cowell
86.6%
Katy Perry
84.3%
Sharon Osbourne
81.3%
Matt Damon
80.5%
Snoop Dogg
79.5%
Julia Roberts
75.7%
Sting
75.4%
Zac Efron
70.9%
Kate Winslet
70.4%
Ryan Reynolds
64.1%
Willow Smith
60.8%
Kelly Osbourne
60%
Zach Galifianakis
59.5%
Usher
57.2%
Mario Lopez
55.9%
Seth MacFarlane
55.2%
% Correct
Drake
52.9%
Carrie Fisher
49.4%
Neve Campbell
43.3%
Liev Schreiber
40.8%
Winona Ryder
40.8%
John Mayer
40.3%
Sarah, Duchess of York
35.7%
Josh Hutcherson
34.7%
Arsène Wenger
28.1%
Matthew Bomer
25.8%
Kate Walsh
25.3%
Ivanka Trump
22.8%
Ioan Gruffudd
18.5%
Wyclef Jean
18.5%
Sinitta
11.6%

You're not logged in!

Compare scores with friends on all Sporcle quizzes.
Join for Free
OR
Log In

You Might Also Like...

Show Comments

Extras

Top Quizzes Today


Score Distribution

Your Account Isn't Verified!

In order to create a playlist on Sporcle, you need to verify the email address you used during registration. Go to your Sporcle Settings to finish the process.

Report this User

Report this user for behavior that violates our Community Guidelines.

Details: